000
00281nam a2200121Ia 4500
008
190216s9999||||xx |||||||||||||| ||und||
100
_a
Starling Sg
245
0
_a
Mechanical Properties Of Matter
260
_b
Macmillan
_c
1961
300
_a
336p
650
_a
Physics
942
_c
BK
999
_c
32799
_d
32799